Wszystkie miasta w zachodniopomorskim poniżej 10k mieszkańców - Statystyki

Ogólne statystyki
  • Ten quiz został rozwiązany 16 razy
  • Średni wynik to 30 z 42
Statystyki odpowiedzi
Powiat Miastko % Poprawnych
pyrzycki Lipiany
86%
policki Nowe Warpno
86%
kamieński Wolin
86%
koszaliński Bobolice
79%
szczecinecki Borne Sulinowo
79%
łobeski Dobra
79%
białogardzki Karlino
79%
koszaliński Mielno
79%
wałecki Mirosławiec
79%
gryficki Płoty
79%
białogardzki Tychowo
79%
szczecinecki Biały Bór
71%
gryfiński Cedynia
71%
gryfiński Chojna
71%
wałecki Człopa
71%
choszczeński Drawsko
71%
kamieński Golczewo
71%
stargardzki Ińsko
71%
kamieński Kamień Pomorski
71%
goleniowski Maszewo
71%
kamieński Międzyzdroje
71%
gryfiński Mieszkowice
71%
gryfiński Moryń
71%
koszaliński Polanów
71%
świdwiński Połczyn-Zdrój
71%
choszczeński Recz
71%
łobeski Resko
71%
koszaliński Sianów
71%
goleniowski Stepnica
71%
stargardzki Suchań
71%
gryfiński Trzcińsko-Zdrój
71%
gryficki Trzebiatów
71%
szczecinecki Barwice
64%
drawski Czaplinek
64%
stargardzki Dobrzany
64%
kołobrzeski Gościno
64%
łobeski Łobez
64%
choszczeński Pełczyce
64%
wałecki Tuczno
64%
stargardzki Chociwel
57%
drawski Kalisz Pomorski
57%
łobeski Węgorzyno
50%
Nie znaleziono quizów pasujących do podanych kryteriów
Rozkład punktacji
Procent ludzi z każdym wynikiem
Percentyl według liczby udzielonych odpowiedzi
Twoja historia wyników
Nie rozwiązałeś tego quizu